Современные дуговые печи: учебное пособие

ग्रंथसूची विवरण
निगमित लेखक: Национальный исследовательский Томский политехнический университет (ТПУ) Юргинский технологический институт (филиал) (ЮТИ) Кафедра металлургии и черных металлов (МЧМ)
अन्य लेखक: Платонов М. А. Максим Александрович (составитель), Сулимова И. С. Ирина Сергеевна
सारांश:Заглавие с титульного экрана
Электронная версия печатной публикации
В пособии описана история развития конструкций электродуговых печей, их классификация, устройство и принцип работы, рассмотрены основные узлы и механизмы. Предназначено для студентов по направлению 22.03.02 "Металлургия", а также может быть полезно для аспирантов и инженерно-технических работников предприятий металлургии и машиностроения.
Режим доступа: из корпоративной сети ТПУ
भाषा:रूसी
प्रकाशित: Томск, Изд-то ТПУ, 2016
संस्करण:2-е изд.
विषय:
ऑनलाइन पहुंच:http://www.lib.tpu.ru/fulltext2/m/2017/m031.pdf
स्वरूप: इलेक्ट्रोनिक पुस्तक
KOHA link:https://koha.lib.tpu.ru/cgi-bin/koha/opac-detail.pl?biblionumber=329803

MARC

LEADER 00000nlm0a2200000 4500
001 329803
005 20231102004210.0
035 |a (RuTPU)RU\TPU\book\355571 
035 |a RU\TPU\book\355522 
090 |a 329803 
100 |a 20170321d2016 m y0rusy50 ca 
101 0 |a rus 
102 |a RU 
105 |a a j 001zy 
135 |a drcn ---uucaa 
181 0 |a i  
182 0 |a b 
200 1 |a Современные дуговые печи  |b Электронный ресурс  |e учебное пособие  |f Национальный исследовательский Томский политехнический университет (ТПУ), Юргинский технологический институт (филиал) (ЮТИ) ; сост. М. А. Платонов, И. С. Сулимова 
203 |a Текст  |c электронный 
205 |a 2-е изд. 
210 |a Томск  |c Изд-то ТПУ  |d 2016 
230 |a 1 компьютерный файл (pdf; 6.42 MB) 
300 |a Заглавие с титульного экрана 
300 |a Электронная версия печатной публикации 
330 |a В пособии описана история развития конструкций электродуговых печей, их классификация, устройство и принцип работы, рассмотрены основные узлы и механизмы. Предназначено для студентов по направлению 22.03.02 "Металлургия", а также может быть полезно для аспирантов и инженерно-технических работников предприятий металлургии и машиностроения. 
333 |a Режим доступа: из корпоративной сети ТПУ 
606 1 |a Электрические печи, дуговые  |2 stltpush  |3 (RuTPU)RU\TPU\subj\27267  |9 51051 
610 1 |a электронный ресурс 
610 1 |a учебные пособия 
610 1 |a труды учёных ТПУ 
610 1 |a электродуговые печи 
610 1 |a электроплавка 
610 1 |a сталь 
610 1 |a электропечи 
610 1 |a футеровки 
610 1 |a электрическое оборудование 
610 1 |a механическое оборудование 
610 1 |a узлы 
610 1 |a механизмы 
675 |a 621.365.2(075.8)  |v 4 
702 1 |a Платонов  |b М. А.  |c специалист в области металлургии  |c доцент Юргинского технологического института (филиала) Томского политехнического университета  |f 1980-  |g Максим Александрович  |2 stltpush  |3 (RuTPU)RU\TPU\pers\27471  |4 220  |9 12743 
702 1 |a Сулимова  |b И. С.  |c специалист в области металлургии  |c старший преподаватель Юргинского технологического института (филиала) Томского политехнического университета  |f 1978-  |g Ирина Сергеевна  |2 stltpush  |3 (RuTPU)RU\TPU\pers\27531  |4 220  |9 12753 
712 0 2 |a Национальный исследовательский Томский политехнический университет (ТПУ)  |b Юргинский технологический институт (филиал) (ЮТИ)  |b Кафедра металлургии и черных металлов (МЧМ)  |h 7136  |2 stltpush  |3 (RuTPU)RU\TPU\col\18892 
801 1 |a RU  |b 63413507  |c 20131204 
801 2 |a RU  |b 63413507  |c 20171018  |g RCR 
856 4 |u http://www.lib.tpu.ru/fulltext2/m/2017/m031.pdf 
942 |c CF